Producción y comprensión de textos: libro del profesor

সংরক্ষণ করুন:
গ্রন্থ-পঞ্জীর বিবরন
প্রধান লেখক: López Morales, Humberto (autor), Samper Padilla, José Antonio (Author), Hernández Cabrera, Clara Eugenia (Author)
বিন্যাস: গ্রন্থ
ভাষা:স্প্যানিশ
প্রকাশিত: La Coruña Netbiblo 2003
সংস্করন:1a. ed
বিষয়গুলি:
ট্যাগগুলো: ট্যাগ যুক্ত করুন
কোনো ট্যাগ নেই, প্রথমজন হিসাবে ট্যাগ করুন!

MARC

LEADER 00000nam a2200000 a 4500
001 UCJ2176
003 CL-VaPUC
008 061201e20030000SP |||||||||||||||||spa|d
020 |a 8497450418 
082 0 4 |a 808.02  |b LOP  |2 21 
100 |a López Morales, Humberto  |e autor  |9 520404 
700 0 |a Samper Padilla, José Antonio  |e author  |9 503087 
700 0 |a Hernández Cabrera, Clara Eugenia  |e author  |9 503088 
245 1 0 |a Producción y comprensión de textos: libro del profesor 
250 |a 1a. ed 
300 |a 95 p 
942 |c BK 
945 |d 20061201 00:00:00  |a cmena 
260 |a La Coruña  |b Netbiblo  |c 2003 
650 0 |a Retórica   |9 266620 
650 0 |a Monografías   |9 352449 
650 0 |a Recursos lingüísticos  |9 472396 
650 7 |a REDACCION DE INFORMES  |2 CL-VaPUC  |9 503089 
650 7 |a PRESENTACION DE DATOS  |2 CL-VaPUC  |9 338278 
583 |a last modification  |c 20061201 00:00:00  |k Rodrigo Vera 
999 |c 318526  |d 318524 
952 |0 0  |1 0  |4 0  |6 808_020000000000000_LOP_2003  |7 0  |8 A  |9 396362  |a FDOPOS  |b FDOPOS  |d 2019-11-22  |i 4303547  |o 808.02 LOP 2003  |p 4303547  |r 2025-01-22  |w 2019-11-22  |y BK  |k MLA